Normal view
MARC view
Entry Personal Name
001 - CONTROL NUMBER
- control field: 61262
003 - CONTROL NUMBER IDENTIFIER
- control field: OSt
005 - DATE AND TIME OF LATEST TRANSACTION
- control field: 20160601131223.0
008 - FIXED-LENGTH DATA ELEMENTS
- fixed length control field: 160601|| aca||aabn | a|a d
040 ## - CATALOGING SOURCE
- Original cataloging agency: OSt
- Transcribing agency: OSt
100 ## - HEADING--PERSONAL NAME
- Personal name: डॉ , त्रिवेदी, जगदीश
670 ## - SOURCE DATA FOUND
- Source citation: Work cat.: (OSt)19284: डॉ , त्रिवेदी, जगदीश , कश्मीर समस्या और सरदार पटेल, 2001









